Á lódáil...
Introducing Shakespeare :
| Príomhúdar: | |
|---|---|
| Formáid: | Printed Book |
| Teanga: | English |
| Foilsithe: |
London :
penguin ,
c1966.
|
| Eagrán: | 3 rd |
| LEADER | 00396nam a22001337a 4500 | ||
|---|---|---|---|
| 008 | 170502b xxu||||| |||| 00| 0 eng d | ||
| 100 | |a Harrison, G.B | ||
| 245 | |a Introducing Shakespeare : | ||
| 250 | |a 3 rd | ||
| 260 | |a London : |b penguin , |c c1966. | ||
| 300 | |b 332p. | ||
| 942 | |c BK | ||
| 999 | |c 198728 |d 198728 | ||
| 952 | |0 0 |1 0 |4 0 |7 0 |9 219893 |a ENG |b ENG |c ST1 |d 2017-05-02 |i 8168 |l 0 |p ENG8168 |r 2017-05-02 |w 2017-05-02 |y BK | ||